Teplota jako rizikový faktor výkonnosti firmy

Príspevok poukazuje na možný spôsob kvantifikácie rizikovej expozície plynárenskej firmy, kde rizikovým faktorom je teplota. Väzba spotreby plynu na teplotu. Finančné riziko a počasie.

Gespeichert in:
Bibliographische Detailangaben
1. Verfasser: Hnilica, Jiří
Format: Buchkapitel
Sprache:Tschechisch
Schlagworte:
Tags: Tag hinzufügen
Keine Tags, Fügen Sie das erste Tag hinzu!

MARC

LEADER 00000naa$a2200000$$$4500
001 0042325
005 20221128095132.3
041 0 |a cze 
044 |a SK 
245 1 0 |a Teplota jako rizikový faktor výkonnosti firmy  |c Jiří Hnilica 
520 |a Príspevok poukazuje na možný spôsob kvantifikácie rizikovej expozície plynárenskej firmy, kde rizikovým faktorom je teplota. Väzba spotreby plynu na teplotu. Finančné riziko a počasie. 
610 2 0 |a podnik 
610 2 0 |a plyn 
610 2 0 |a spotreba 
610 2 0 |a počasie 
610 2 0 |a riziko finančné 
610 2 0 |a analýza regresná 
610 2 0 |a modely simulačné 
100 1 |a Hnilica, Jiří